[Event "CZE-chT1E 2223"]
[Site "Czech Republic"]
[Date "2023.02.25"]
[Round "8.6"]
[White "Jedynak, Radoslaw"]
[Black "Tymrakiewicz, Rafal"]
[Result "1-0"]
[WhiteElo "2341"]
[BlackElo "2152"]
[PlyCount "127"]
[EventDate "2022.10.08"]
[EventType "team-tourn"]
[EventRounds "11"]
[EventCountry "CZE"]
[SourceTitle "CBM 213 Extra"]
[Source "ChessBase"]
[SourceDate "2023.05.31"]
[SourceVersion "1"]
[SourceVersionDate "2023.05.31"]
[SourceQuality "1"]
[WhiteTeam "Ostrava"]
[BlackTeam "Trinec"]
[WhiteTeamCountry "CZE"]
[BlackTeamCountry "CZE"]

1. d4 Nf6 2. c4 d6 3. Nf3 g6 4. Nc3 Bg7 5. e4 0-0 6. Be2 e5 7. 0-0 Nh5 8. dxe5 dxe5 9. Qxd8 Rxd8 10. Bg5 f6 11. Rfd1 Re8 12. Be3 c6 13. g3 Bf8 14. c5 Be6 15. Nd2 Na6 16. Bxa6 bxa6 17. f3 f5 18. Nb3 Rac8 19. Na5 Rc7 20. Rd2 Nf6 21. b4 Be7 22. Kg2 Kf7 23. Rad1 Rb8 24. a3 Rg8 25. Bf2 h5 26. Re1 f4 27. gxf4 exf4 28. e5 Nd5 29. Ne4 g5 30. Nc4 Rg6 31. Ncd6+ Kf8 32. h3 g4 33. hxg4 hxg4 34. Nf6 Bxf6 35. exf6 gxf3+ 36. Kxf3 Bg4+ 37. Ke4 Nxf6+ 38. Kxf4 Nh5+ 39. Ke5 Re6+ 40. Kd4 Rxe1 41. Bxe1 Rg7 42. Rf2+ Ke7 43. Nf5+ Bxf5 44. Rxf5 Nf6 45. Kc3 Ke6 46. Rf3 Rg4 47. Kb3 a5 48. Ka4 axb4 49. Bxb4 Nd5 50. Ka5 Ke5 51. Rf7 a6 52. Ra7 Kd4 53. Kxa6 Rg8 54. Rh7 Rb8 55. Rh4+ Ke5 56. Rh5+ Kd4 57. Rh4+ Ke5 58. Rc4 Rb5 59. Ba5 Rb3 60. a4 Ke6 61. Bb6 Kd7 62. Kb7 Rb4 63. Rxb4 Nxb4 64. a5 1-0

[Event "Trzcianka Dziedzic Memorial 12th"]
[Site "Trzcianka"]
[Date "2022.11.13"]
[Round "6"]
[White "Fiedorek, Michal"]
[Black "Jedynak, Radoslaw"]
[Result "1-0"]
[WhiteElo "2298"]
[BlackElo "2341"]
[PlyCount "124"]
[EventDate "2022.11.13"]
[EventType "swiss (rapid)"]
[EventRounds "9"]
[EventCountry "POL"]
[SourceTitle "CBM 211 Extra"]
[Source "ChessBase"]
[SourceDate "2023.01.31"]
[SourceVersion "1"]
[SourceVersionDate "2023.01.31"]
[SourceQuality "1"]

1. e4 e6 2. d4 d5 3. e5 c5 4. c3 Qb6 5. Nf3 Bd7 6. Bd3 Bb5 7. dxc5 Bxc5 8. b4 Bxd3 9. Qxd3 Be7 10. 0-0 Nd7 11. Na3 a6 12. c4 Qxb4 13. cxd5 Nc5 14. Qd1 exd5 15. Rb1 Qe4 16. Re1 Qd3 17. Nd2 Nh6 18. Re3 Qd4 19. Bb2 Qa4 20. Nb3 0-0 21. Qxd5 Nxb3 22. axb3 Qh4 23. Rh3 Qf4 24. Qxb7 Bxa3 25. Bxa3 Rab8 26. Qf3 Qxf3 27. Rxf3 Rfe8 28. Bd6 Rb6 29. h3 f6 30. Bc5 Rb5 31. Be3 fxe5 32. Bxh6 gxh6 33. Rf6 a5 34. Ra1 Kg7 35. Rf3 Reb8 36. Re3 Kf6 37. Ra4 Ke6 38. f4 Kf6 39. fxe5+ Ke6 40. Rh4 Rxb3 41. Rxh6+ Kf5 42. Rf6+ Kg5 43. Rxb3 Rxb3 44. Ra6 Ra3 45. Kf2 Kf5 46. e6 Kf6 47. Ra7 Kxe6 48. Rxh7 Ra1 49. g4 a4 50. Ra7 Kf6 51. h4 a3 52. Ra6+ Kg7 53. g5 a2 54. Kg2 Kh7 55. h5 Kg7 56. Ra7+ Kg8 57. g6 Rb1 58. Rxa2 Rb5 59. Ra8+ Kg7 60. Ra7+ Kg8 61. Rh7 Ra5 62. Kf3 Rb5 1-0

[Event "Trzcianka Dziedzic Memorial 12th"]
[Site "Trzcianka"]
[Date "2022.11.13"]
[Round "9"]
[White "Jedynak, Radoslaw"]
[Black "Kutowski, Marcel"]
[Result "1/2-1/2"]
[WhiteElo "2341"]
[BlackElo "2046"]
[PlyCount "60"]
[EventDate "2022.11.13"]
[EventType "swiss (rapid)"]
[EventRounds "9"]
[EventCountry "POL"]
[SourceTitle "CBM 211 Extra"]
[Source "ChessBase"]
[SourceDate "2023.01.31"]
[SourceVersion "1"]
[SourceVersionDate "2023.01.31"]
[SourceQuality "1"]

1. Nf3 Nf6 2. d4 d5 3. c4 e6 4. Nc3 a6 5. cxd5 exd5 6. Bg5 Be6 7. e3 c6 8. Bd3 Bd6 9. Qc2 Nbd7 10. 0-0 h6 11. Bh4 0-0 12. Rae1 Qc7 13. Bg3 Bxg3 14. hxg3 Rfe8 15. Nh4 Rac8 16. Nf5 Nf8 17. Qe2 Qd7 18. g4 Rcd8 19. f3 Bxf5 20. gxf5 Qd6 21. Qf2 c5 22. dxc5 Qxc5 23. e4 Qc7 24. exd5 Rxe1 25. Rxe1 Nxd5 26. Nxd5 Rxd5 27. Be4 Rd6 28. Qc2 Qb6+ 29. Qf2 Qc7 30. Qc2 Qb6+ 1/2-1/2

[Event "POL Cup op blitz"]
[Site "Lodz"]
[Date "2021.08.08"]
[Round "11"]
[White "Czarnecka, Lidia"]
[Black "Jedynak, Radoslaw"]
[Result "1-0"]
[WhiteElo "1889"]
[BlackElo "2341"]
[PlyCount "149"]
[EventDate "2021.08.08"]
[EventType "swiss (blitz)"]
[EventRounds "13"]
[EventCountry "POL"]
[SourceTitle "CBM 203 Extra"]
[Source "ChessBase"]
[SourceDate "2021.09.30"]
[SourceVersion "1"]
[SourceVersionDate "2021.09.30"]
[SourceQuality "1"]

1. e4 e6 2. d4 d5 3. e5 c5 4. c3 Qb6 5. Nf3 Bd7 6. Na3 cxd4 7. cxd4 Bxa3 8. bxa3 Ne7 9. Bd3 Qa5+ 10. Qd2 Qxd2+ 11. Bxd2 Nbc6 12. 0-0 h6 13. Rab1 0-0-0 14. a4 Kc7 15. a5 Rb8 16. Rfc1 Rhc8 17. Bb4 Kd8 18. Bd6 Ra8 19. Rxb7 Nxa5 20. Rbc7 Nec6 21. Rxc8+ Bxc8 22. Bb5 Bd7 23. Bf8 g6 24. Bxh6 Rb8 25. Bg5+ Ke8 26. a4 Nb4 27. Rb1 Nbc6 28. Rc1 Nc4 29. Bxc4 dxc4 30. Rxc4 Na5 31. Rc5 Bxa4 32. h4 Bb5 33. Rc7 Nc6 34. g4 a5 35. h5 gxh5 36. gxh5 Kf8 37. h6 Kg8 38. Bf6 a4 39. Ng5 Bd3 40. Rxc6 a3 41. h7+ Bxh7 42. Ra6 Rb1+ 43. Kh2 Rb8 44. Nxh7 Kxh7 45. Rxa3 Kg6 46. Kg3 Kf5 47. Kf3 Rg8 48. Ke3 Rb8 49. Rc3 Ra8 50. f3 Ra4 51. Be7 Ra1 52. Bc5 Re1+ 53. Kf2 Rh1 54. Kg3 Rd1 55. Rc2 Rd3 56. Rh2 Kg6 57. Kf4 Rb3 58. Rg2+ Kh7 59. Rg4 Rd3 60. Rg3 Rd1 61. Ke4 Re1+ 62. Kd3 Rf1 63. Kc4 Rb1 64. Be7 Rc1+ 65. Kd3 Rc7 66. Bf6 Rb7 67. Ke4 Rd7 68. f4 Kh6 69. Rg4 Kh5 70. Rg8 Kh6 71. Rd8 Rb7 72. d5 exd5+ 73. Rxd5 Rb4+ 74. Kf5 Rb8 75. Rd1 1-0

[Event "POL Cup op blitz"]
[Site "Lodz"]
[Date "2021.08.08"]
[Round "10"]
[White "Jedynak, Radoslaw"]
[Black "Barwinska, Ewa"]
[Result "1-0"]
[WhiteElo "2341"]
[BlackElo "1781"]
[PlyCount "50"]
[EventDate "2021.08.08"]
[EventType "swiss (blitz)"]
[EventRounds "13"]
[EventCountry "POL"]
[SourceTitle "CBM 203 Extra"]
[Source "ChessBase"]
[SourceDate "2021.09.30"]
[SourceVersion "1"]
[SourceVersionDate "2021.09.30"]
[SourceQuality "1"]

1. d4 Nf6 2. c4 d6 3. Nf3 Nbd7 4. Nc3 e5 5. e4 Be7 6. Be2 c6 7. 0-0 Qc7 8. Re1 h6 9. Bf1 g5 10. Rb1 Rg8 11. b4 Nf8 12. c5 Ne6 13. cxd6 Bxd6 14. dxe5 Bxe5 15. Nxe5 Qxe5 16. Bb2 Qc7 17. Nd5 cxd5 18. Bxf6 Rg6 19. Bb2 dxe4 20. Rxe4 Bd7 21. Qd4 Rg8 22. Qf6 Qd8 23. Qxh6 Qe7 24. Bf6 Qf8 25. Qh5 Rg6 1-0

[Event "POL Cup op rapid"]
[Site "Lodz"]
[Date "2021.08.07"]
[Round "6"]
[White "Dwilewicz, Katarzyna"]
[Black "Jedynak, Radoslaw"]
[Result "0-1"]
[WhiteElo "2130"]
[BlackElo "2341"]
[PlyCount "182"]
[EventDate "2021.08.07"]
[EventType "swiss (rapid)"]
[EventRounds "9"]
[EventCountry "POL"]
[SourceTitle "CBM 203 Extra"]
[Source "ChessBase"]
[SourceDate "2021.09.30"]
[SourceVersion "1"]
[SourceVersionDate "2021.09.30"]
[SourceQuality "1"]

1. e4 e6 2. d4 d5 3. Nd2 Nc6 4. Ngf3 Nf6 5. e5 Nd7 6. Bb5 a6 7. Ba4 b5 8. Bb3 Na5 9. c3 Nxb3 10. Nxb3 c5 11. dxc5 Nxc5 12. 0-0 Bd7 13. Re1 Qc7 14. Nxc5 Bxc5 15. Be3 Be7 16. Bf4 b4 17. Rc1 Qc4 18. Bg5 Bxg5 19. Nxg5 h6 20. cxb4 Qxa2 21. Qh5 0-0 22. Rc7 Rad8 23. Nf3 Qxb2 24. Qg4 Bb5 25. h4 Rc8 26. Ra7 Rc4 27. Qg3 Qxb4 28. h5 a5 29. Rb7 a4 30. Ra1 Qb3 31. Nd2 Qxg3 32. fxg3 Rc2 33. Rxb5 Rxd2 34. Rxa4 Re2 35. g4 Rxe5 36. Rb7 Re3 37. Kf2 Rc3 38. Rd7 Rb8 39. Raa7 Rb2+ 40. Kg1 Rg3 41. Rxf7 Rxg4 42. Kf1 Rgxg2 43. Rfe7 Rbf2+ 44. Ke1 Ra2 45. Re8+ Kh7 46. Rxa2 Rxa2 47. Rxe6 Ra7 48. Re5 Rd7 49. Kd2 Kg8 50. Kd3 Kf7 51. Kd4 Kf6 52. Re1 Kg5 53. Re5+ Kg4 54. Kd3 d4 55. Ra5 Rf7 56. Kxd4 Rf5 57. Ra7 Rg5 58. Ke4 Kxh5 59. Kf4 Kg6 60. Ra6+ Kh7 61. Rb6 Rc5 62. Kg4 Rc7 63. Ra6 g6 64. Rb6 h5+ 65. Kg5 Rc5+ 66. Kh4 Kh6 67. Ra6 Rc4+ 68. Kg3 Rb4 69. Rc6 h4+ 70. Kf3 Kh5 71. Rc8 Rb3+ 72. Kg2 g5 73. Rc4 Rb5 74. Ra4 Rf5 75. Rb4 Rf4 76. Rb5 Kg4 77. Kg1 Ra4 78. Kg2 h3+ 79. Kg1 Kh4 80. Kh2 Ra2+ 81. Kh1 g4 82. Rb4 Rf2 83. Kg1 Rf3 84. Rb2 Kg3 85. Rg2+ Kf4 86. Ra2 Rb3 87. Rf2+ Kg5 88. Ra2 Kh4 89. Rc2 Rb1+ 90. Kf2 g3+ 91. Kf3 Rf1+ 0-1

[Event "POL Cup op rapid"]
[Site "Lodz"]
[Date "2021.08.07"]
[Round "7"]
[White "Jedynak, Radoslaw"]
[Black "Bakalarz, Leszek"]
[Result "0-1"]
[WhiteElo "2341"]
[BlackElo "1947"]
[PlyCount "86"]
[EventDate "2021.08.07"]
[EventType "swiss (rapid)"]
[EventRounds "9"]
[EventCountry "POL"]
[SourceTitle "CBM 203 Extra"]
[Source "ChessBase"]
[SourceDate "2021.09.30"]
[SourceVersion "1"]
[SourceVersionDate "2021.09.30"]
[SourceQuality "1"]

1. d4 Nf6 2. c4 c5 3. d5 e6 4. Nc3 exd5 5. cxd5 d6 6. e4 g6 7. Nf3 Bg7 8. Nd2 0-0 9. Be2 Nbd7 10. 0-0 Re8 11. Qc2 a6 12. a4 b6 13. Nc4 Ne5 14. Nxe5 Rxe5 15. Bf4 Re8 16. h3 Ra7 17. Rfe1 Rae7 18. Bf3 Qc7 19. Rab1 Nd7 20. Bg5 f6 21. Bf4 Ne5 22. Be2 c4 23. Bg3 g5 24. b3 cxb3 25. Rxb3 Ng6 26. Bg4 f5 27. Bh5 Rxe4 28. Rxe4 Rxe4 29. Bxg6 hxg6 30. Qd2 Rc4 31. Qxg5 Rxc3 32. Rxc3 Qxc3 33. Qxg6 Qf6 34. Qe8+ Qf8 35. Qe3 Qd8 36. h4 b5 37. axb5 axb5 38. h5 Kh7 39. Bf4 Qh4 40. Bxd6 Qxh5 41. Bc5 Qd1+ 42. Kh2 Qxd5 43. f3 Qe5+ 0-1

[Event "Opole Termika Rapid op"]
[Site "Opole"]
[Date "2021.07.17"]
[Round "9"]
[White "Jedynak, Radoslaw"]
[Black "Galuszka, Kamil"]
[Result "1-0"]
[WhiteElo "2341"]
[BlackElo "1981"]
[PlyCount "71"]
[EventDate "2021.07.17"]
[EventType "swiss (rapid)"]
[EventRounds "9"]
[EventCountry "POL"]
[SourceTitle "CBM 203 Extra"]
[Source "ChessBase"]
[SourceDate "2021.09.30"]
[SourceVersion "1"]
[SourceVersionDate "2021.09.30"]
[SourceQuality "1"]

1. d4 Nf6 2. c4 c5 3. d5 b5 4. cxb5 e6 5. Nc3 exd5 6. Nxd5 Bb7 7. Nxf6+ Qxf6 8. Nf3 d5 9. e3 Bd6 10. Be2 0-0 11. 0-0 Nd7 12. Qc2 Rfe8 13. a4 Rac8 14. a5 d4 15. Ra4 Ne5 16. Nxe5 Bxe5 17. f4 Bb8 18. exd4 cxd4 19. Rc4 Rxc4 20. Bxc4 h5 21. Bd3 h4 22. h3 Bd6 23. Bd2 Bd5 24. Qd1 Re7 25. b6 axb6 26. a6 Bc5 27. b4 Bd6 28. Qh5 g6 29. Qxd5 Kg7 30. Rc1 Bxf4 31. Rf1 g5 32. Bxf4 gxf4 33. Qf5 Qh6 34. Ra1 f3 35. Qxf3 Re3 36. Qg4+ 1-0

[Event "Opole Termika Rapid op"]
[Site "Opole"]
[Date "2021.07.17"]
[Round "7"]
[White "Jedynak, Radoslaw"]
[Black "Renkowski, Piotr"]
[Result "0-1"]
[WhiteElo "2341"]
[BlackElo "2150"]
[PlyCount "64"]
[EventDate "2021.07.17"]
[EventType "swiss (rapid)"]
[EventRounds "9"]
[EventCountry "POL"]
[SourceTitle "CBM 203 Extra"]
[Source "ChessBase"]
[SourceDate "2021.09.30"]
[SourceVersion "1"]
[SourceVersionDate "2021.09.30"]
[SourceQuality "1"]

1. d4 d5 2. c4 e5 3. dxe5 d4 4. Nf3 Nc6 5. g3 Be6 6. Bg2 Bxc4 7. Qa4 Bd5 8. 0-0 Bc5 9. Rd1 Nge7 10. Nxd4 Qd7 11. Nb3 Bxb3 12. Qxb3 Qf5 13. Bf4 0-0 14. e4 Qh5 15. Bf3 Qh3 16. Qc4 Bb6 17. Nc3 Ng6 18. Bg2 Qh5 19. Nd5 Ncxe5 20. Bxe5 Nxe5 21. Qc3 Ng4 22. Nxb6 Qxh2+ 23. Kf1 cxb6 24. Qf3 Qh5 25. Qf4 Rad8 26. Rd5 Rxd5 27. exd5 Rd8 28. Re1 h6 29. Qc7 Qg5 30. Rc1 Qf6 31. Qxd8+ Qxd8 32. Rc8 Qxc8 0-1

[Event "Opole Termika Rapid op"]
[Site "Opole"]
[Date "2021.07.17"]
[Round "6"]
[White "Lewtak, Dominik"]
[Black "Jedynak, Radoslaw"]
[Result "1/2-1/2"]
[WhiteElo "2165"]
[BlackElo "2341"]
[PlyCount "121"]
[EventDate "2021.07.17"]
[EventType "swiss (rapid)"]
[EventRounds "9"]
[EventCountry "POL"]
[SourceTitle "CBM 203 Extra"]
[Source "ChessBase"]
[SourceDate "2021.09.30"]
[SourceVersion "1"]
[SourceVersionDate "2021.09.30"]
[SourceQuality "1"]

1. e4 e6 2. d4 d5 3. Bd3 Nf6 4. exd5 exd5 5. h3 Bd6 6. Qf3 c6 7. Ne2 0-0 8. 0-0 Re8 9. c4 dxc4 10. Bxc4 Be6 11. b3 Nbd7 12. Nf4 Bxc4 13. bxc4 Nb6 14. c5 Bxf4 15. Qxf4 Re4 16. Qf3 Nbd5 17. Bb2 Qa5 18. Nc3 Nxc3 19. Bxc3 Qa6 20. Rab1 Re7 21. Rb2 Nd5 22. Bd2 Qc4 23. Be3 Rae8 24. Rc1 Qd3 25. Rb3 Qa6 26. a3 h6 27. Rcb1 b5 28. cxb6 axb6 29. Kh2 Re6 30. Qg3 Kh7 31. Bf4 Qc4 32. Be3 Rg6 33. Qf3 Ree6 34. Qxf7 Nxe3 35. fxe3 Qe2 36. Qf1 Rxe3 37. Qxe2 Rxe2 38. Rg3 b5 39. Rc1 Rd6 40. Rd3 Ra2 41. Rcc3 Kg8 42. Rf3 Rd2 43. Rcd3 Rxd3 44. Rxd3 Kf7 45. Kg3 Ke6 46. Kf4 Kd5 47. Rd1 Rf6+ 48. Ke3 Kc4 49. g4 Re6+ 50. Kf4 Rd6 51. Ke5 Rd5+ 52. Ke4 Kb3 53. Rc1 Rd6 54. Ke5 Rf6 55. d5 cxd5 56. Rb1+ Ka4 57. Rb4+ Ka5 58. Rb3 Ka4 59. Rb4+ Ka5 60. Rb3 Ka4 61. Rb4+ 1/2-1/2

[Event "POL-ch rapid"]
[Site "Zgierz"]
[Date "2019.10.06"]
[Round "4"]
[White "Jedynak, Radoslaw"]
[Black "Bednarek, Sylwester"]
[Result "1/2-1/2"]
[WhiteElo "2341"]
[BlackElo "2268"]
[PlyCount "158"]
[EventDate "2019.10.06"]
[EventType "swiss (rapid)"]
[EventRounds "11"]
[EventCountry "POL"]
[SourceTitle "EXT 2020"]
[Source "ChessBase"]
[SourceDate "2019.10.17"]
[SourceVersion "1"]
[SourceVersionDate "2019.10.17"]
[SourceQuality "1"]

1. d4 Nf6 2. c4 c5 3. d5 e6 4. Nc3 exd5 5. cxd5 d6 6. Nf3 g6 7. Nd2 Nbd7 8. e4 Bg7 9. Be2 0-0 10. 0-0 Re8 11. Qc2 Ne5 12. a4 g5 13. Re1 a6 14. Nf1 g4 15. Bg5 h6 16. Bh4 Ng6 17. Bg3 Nh5 18. Qd2 Qf6 19. Ne3 Nxg3 20. hxg3 h5 21. Bd3 h4 22. gxh4 Nxh4 23. Rab1 Re5 24. Ne2 Rh5 25. Ng3 Rh8 26. Be2 Nf3+ 27. Bxf3 gxf3 28. Nef5 Bxf5 29. Nxf5 Qe5 30. gxf3 Qh2+ 31. Kf1 Rh5 32. Ng3 Rh6 33. Ke2 Bd4 34. Kd3 Rg6 35. Re2 Qg2 36. Qf4 Be5 37. Qf5 Rf6 38. Qg4+ Rg6 39. Qf5 Rf6 40. Qg4+ Kf8 41. Nf5 Rg6 42. Qxg2 Rxg2 43. Kc2 b5 44. Rh1 bxa4 45. f4 Bxf4 46. Rh8+ Rg8 47. Rh4 Bg5 48. Rg4 Rd8 49. f4 Bf6 50. Rxg8+ Kxg8 51. Ne3 Rb8 52. Kc1 Rb4 53. Nf5 Bxb2+ 54. Rxb2 Rxe4 55. Nxd6 Rxf4 56. Rd2 Kf8 57. Nb7 Rc4+ 58. Kd1 Ke7 59. d6+ Kd7 60. Rd5 Rd4+ 61. Rxd4 cxd4 62. Kc2 a3 63. Kb3 d3 64. Nc5+ Kxd6 65. Nxd3 Kd5 66. Kxa3 Kd4 67. Nf2 f5 68. Ka4 Ke3 69. Nh3 Kf3 70. Ka5 Kg4 71. Nf2+ Kg3 72. Nd3 Kf3 73. Kxa6 Ke3 74. Ne1 Kf2 75. Nd3+ Ke2 76. Nf4+ Kf3 77. Ne6 Ke4 78. Kb5 f4 79. Nxf4 Kxf4 1/2-1/2

[Event "Poznan op 27th"]
[Site "Poznan"]
[Date "2019.08.20"]
[Round "4"]
[White "Szelag, Marcin"]
[Black "Jedynak, Radoslaw"]
[Result "1/2-1/2"]
[WhiteElo "2416"]
[BlackElo "2345"]
[PlyCount "62"]
[EventDate "2019.08.18"]
[EventType "swiss"]
[EventRounds "9"]
[EventCountry "POL"]
[SourceTitle "EXT 2020"]
[Source "ChessBase"]
[SourceDate "2019.10.17"]
[SourceVersion "1"]
[SourceVersionDate "2019.10.17"]
[SourceQuality "1"]

1. e4 e6 2. d4 d5 3. Nc3 Bb4 4. e5 c5 5. a3 Bxc3+ 6. bxc3 Qc7 7. Nf3 Ne7 8. a4 Bd7 9. Bd3 Nbc6 10. Qd2 f6 11. 0-0 fxe5 12. Nxe5 Nxe5 13. dxe5 c4 14. Be2 Qxe5 15. Re1 Qf6 16. Rb1 0-0 17. Bg4 Nf5 18. Ba3 Rf7 19. a5 Bc6 20. Bc5 e5 21. Qe2 e4 22. Qd2 Qg6 23. Bxf5 Rxf5 24. Re3 Rg5 25. Rg3 Rxg3 26. fxg3 a6 27. Rf1 Re8 28. Rf4 h6 29. Qf2 e3 30. Bxe3 Ba4 31. Rf5 Kh7 1/2-1/2

[Event "Poznan op 27th"]
[Site "Poznan"]
[Date "2019.08.18"]
[Round "1"]
[White "Jedynak, Radoslaw"]
[Black "Niemier, Hubert"]
[Result "1-0"]
[WhiteElo "2345"]
[BlackElo "1654"]
[PlyCount "77"]
[EventDate "2019.08.18"]
[EventType "swiss"]
[EventRounds "9"]
[EventCountry "POL"]
[SourceTitle "EXT 2020"]
[Source "ChessBase"]
[SourceDate "2019.10.17"]
[SourceVersion "1"]
[SourceVersionDate "2019.10.17"]
[SourceQuality "1"]

1. d4 d5 2. c4 e6 3. Nc3 Nf6 4. cxd5 exd5 5. Bg5 Be7 6. e3 0-0 7. Bd3 c6 8. Qc2 h6 9. Bh4 b6 10. Nf3 Bb7 11. 0-0 Nbd7 12. Ne5 c5 13. f4 a6 14. Rae1 c4 15. Bf5 b5 16. a3 Rb8 17. g4 Nxe5 18. fxe5 Ne8 19. Bg3 Kh8 20. e6 Bd6 21. exf7 Rxf7 22. Bg6 Rxf1+ 23. Rxf1 Nf6 24. Bh4 Be7 25. Qg2 Nh7 26. Bg3 Bd6 27. Ne2 Bxg3 28. Qxg3 Ra8 29. Nf4 Nf8 30. h4 Qb6 31. h5 Qd8 32. Bb1 a5 33. Ng6+ Nxg6 34. Bxg6 Bc8 35. g5 Be6 36. gxh6 Ra7 37. Qe5 Qh4 38. Rf8+ Bg8 39. Rxg8+ 1-0

[Event "Trzcianka Dziedzic Memorial 8th"]
[Site "Trzcianka"]
[Date "2018.10.14"]
[Round "6"]
[White "Jedynak, Radoslaw"]
[Black "Mazurkiewicz, Michal"]
[Result "1-0"]
[WhiteElo "2345"]
[BlackElo "2215"]
[PlyCount "135"]
[EventDate "2018.10.14"]
[EventType "swiss (rapid)"]
[EventRounds "9"]
[EventCountry "POL"]
[SourceTitle "CBM 186 Extra"]
[Source "ChessBase"]
[SourceDate "2018.08.24"]
[SourceVersion "1"]
[SourceVersionDate "2018.08.24"]
[SourceQuality "1"]

1. d4 Nf6 2. Nf3 b5 3. e3 b4 4. a3 bxa3 5. Nxa3 e6 6. Be2 Be7 7. 0-0 0-0 8. c4 c5 9. Nb5 a6 10. dxc5 Bxc5 11. Nd6 Qb6 12. Nxc8 Rxc8 13. b3 d5 14. Bb2 Nbd7 15. Ne5 Nxe5 16. Bxe5 dxc4 17. Bxf6 gxf6 18. Bxc4 f5 19. Qh5 Be7 20. e4 fxe4 21. Qg4+ Kh8 22. Qxe4 Bf6 23. Rae1 Qd4 24. Qf3 Rg8 25. Re4 Qc3 26. Re3 Qb2 27. Qb7 Bd4 28. Rh3 Ra7 29. Qe4 Rg7 30. Bd3 Bf6 31. Rxh7+ Kg8 32. Rh3 Kf8 33. Qb4+ Re7 34. Bxa6 Rg8 35. Bc4 Qd4 36. Rg3 Rh8 37. h3 Be5 38. Rf3 Bd6 39. Qe1 Ke8 40. Qe3 Qg7 41. Rd1 Bc7 42. Qe4 Kf8 43. b4 Rh5 44. Bf1 Rg5 45. b5 Qb2 46. Rb1 Qa2 47. b6 Bb8 48. Qc6 Qd5 49. Qxd5 Rxd5 50. Rfb3 Ke8 51. g3 Kd8 52. Bg2 Rd2 53. Rc1 Red7 54. Rbb1 f6 55. b7 Rc7 56. Rxc7 Kxc7 57. Rc1+ Kb6 58. h4 f5 59. Re1 e5 60. Bh3 f4 61. gxf4 exf4 62. Bg2 Rd7 63. Bf3 Rg7+ 64. Kh2 Ka7 65. Kh3 Kb6 66. h5 Bc7 67. Re8 Ka7 68. Ra8+ 1-0

[Event "Trzcianka Dziedzic Memorial 8th"]
[Site "Trzcianka"]
[Date "2018.10.14"]
[Round "1"]
[White "Lesien, Przemyslaw"]
[Black "Jedynak, Radoslaw"]
[Result "0-1"]
[WhiteElo "1776"]
[BlackElo "2345"]
[PlyCount "106"]
[EventDate "2018.10.14"]
[EventType "swiss (rapid)"]
[EventRounds "9"]
[EventCountry "POL"]
[SourceTitle "CBM 186 Extra"]
[Source "ChessBase"]
[SourceDate "2018.08.24"]
[SourceVersion "1"]
[SourceVersionDate "2018.08.24"]
[SourceQuality "1"]

1. e4 e6 2. d4 d5 3. e5 c5 4. c3 Qb6 5. Qb3 Qxb3 6. axb3 cxd4 7. cxd4 Nc6 8. Be3 Nge7 9. Nc3 Nf5 10. Nf3 Bd7 11. Bd3 Nxe3 12. fxe3 Be7 13. 0-0 0-0 14. e4 Nb4 15. Bb1 Bc6 16. exd5 Nxd5 17. Nxd5 Bxd5 18. Nd2 Rfd8 19. Rd1 Bb4 20. Be4 a6 21. Bxd5 Rxd5 22. Nf3 Rad8 23. Rdc1 Ba5 24. Rc4 Bb6 25. Rac1 g6 26. Rd1 Rb5 27. b4 Rd7 28. Kf2 Bd8 29. Ke3 Be7 30. Rdc1 Bxb4 31. Rc8+ Kg7 32. R1c7 Rxc7 33. Rxc7 Ba5 34. Rd7 h6 35. Ke4 Rxb2 36. d5 exd5+ 37. Kxd5 Kf8 38. e6 Rb5+ 39. Ke4 Rb4+ 40. Kd5 Rb5+ 41. Ke4 fxe6 42. Ne5 g5 43. Ng6+ Ke8 44. Rh7 Bb4 45. Rxh6 a5 46. Rh7 a4 47. Rh8+ Kd7 48. Ra8 Ra5 49. Ne5+ Kc7 50. Rxa5 Bxa5 51. Kd3 a3 52. Kc2 a2 53. Kb2 Bc3+ 0-1

[Event "POL-chT 2nd League"]
[Site "Jastrzebia Gora"]
[Date "2018.09.09"]
[Round "9.9"]
[White "Borawski, Jakub"]
[Black "Jedynak, Radoslaw"]
[Result "1/2-1/2"]
[WhiteElo "2150"]
[BlackElo "2353"]
[PlyCount "60"]
[EventDate "2018.09.01"]
[EventType "team-swiss"]
[EventRounds "9"]
[EventCountry "POL"]
[SourceTitle "CBM 186 Extra"]
[Source "ChessBase"]
[SourceDate "2018.08.24"]
[SourceVersion "1"]
[SourceVersionDate "2018.08.24"]
[SourceQuality "1"]
[WhiteTeam "Zarow Goniec"]
[BlackTeam "Zielonka Zieloni"]
[WhiteTeamCountry "POL"]
[BlackTeamCountry "POL"]

1. e4 e6 2. d4 d5 3. Nc3 Bb4 4. Qd3 Ne7 5. Bd2 b6 6. exd5 exd5 7. 0-0-0 0-0 8. a3 Ba6 9. Qf3 Bxc3 10. Bxc3 Bxf1 11. Rxf1 Nd7 12. Ne2 Nf6 13. Ng3 Qd7 14. h4 h6 15. Re1 Rfe8 16. Bd2 Qg4 17. Qxg4 Nxg4 18. f3 Nf6 19. Bf4 c6 20. h5 Rad8 21. Re2 Nc8 22. Rhe1 Rxe2 23. Rxe2 Kf8 24. Kd2 Re8 25. Rxe8+ Kxe8 26. Be5 Ne7 27. b3 Kd7 28. c4 Ke6 29. Ke3 g6 30. hxg6 fxg6 1/2-1/2

[Event "POL-chT 2nd League"]
[Site "Jastrzebia Gora"]
[Date "2018.09.02"]
[Round "2.73"]
[White "Zielinski, Przemyslaw"]
[Black "Jedynak, Radoslaw"]
[Result "0-1"]
[WhiteElo "2299"]
[BlackElo "2353"]
[PlyCount "102"]
[EventDate "2018.09.01"]
[EventType "team-swiss"]
[EventRounds "9"]
[EventCountry "POL"]
[SourceTitle "CBM 186 Extra"]
[Source "ChessBase"]
[SourceDate "2018.08.24"]
[SourceVersion "1"]
[SourceVersionDate "2018.08.24"]
[SourceQuality "1"]
[WhiteTeam "Staniatki Goniec"]
[BlackTeam "Zielonka Zieloni"]
[WhiteTeamCountry "POL"]
[BlackTeamCountry "POL"]

1. d4 e6 2. Nf3 Nf6 3. g3 b5 4. a4 b4 5. c4 bxc3 6. bxc3 Ba6 7. Nbd2 d5 8. Qc2 c5 9. e3 Bxf1 10. Kxf1 Nbd7 11. a5 Bd6 12. c4 cxd4 13. cxd5 Nxd5 14. Ne4 Be7 15. exd4 0-0 16. Bg5 Rc8 17. Qe2 N7f6 18. Bxf6 Nxf6 19. Nxf6+ Bxf6 20. Qe4 Qd6 21. Ra4 Rc3 22. Kg2 Rb8 23. Rd1 g6 24. Ne5 Kg7 25. Rc4 Rxc4 26. Nxc4 Qc7 27. Ne5 Rb5 28. Nc6 Rd5 29. Rc1 Qb7 30. Rc5 Rxd4 31. Qf3 Ra4 32. Rc1 Ra2 33. h4 h5 34. Qe4 Rb2 35. Rc2 Rb5 36. Qf3 Rb1 37. Qe4 Ra1 38. Re2 a6 39. Rc2 Qb1 40. Kh2 Qg1+ 41. Kh3 Qb1 42. Re2 Qd1 43. Kh2 Qg1+ 44. Kh3 Ra4 45. Qf3 Bxh4 46. Ne5 Bf6 47. Nd7 Qa1 48. Re1 Qd4 49. Rd1 Qg4+ 50. Kg2 Qxf3+ 51. Kxf3 Rxa5 0-1